[Event "29th Czech Rapid G1 2018"]
[Site "Pardubice CZE"]
[Date "2018.07.19"]
[Round "9.30"]
[White "Kulkarni, Chinmay"]
[Black "Nikologorsky, Matfei"]
[Result "1/2-1/2"]
[WhiteElo "2336"]
[BlackElo "2222"]
[WhiteFideId "5023513"]
[BlackFideId "24102474"]
[EventDate "2018.07.18"]

1. e4 c5 2. Nf3 e6 3. d4 cxd4 4. Nxd4 a6 5. c4 Qc7 6. Nc3 d6 7. Be2 b6 8. O-O
Bb7 9. f4 Nf6 10. Bf3 Qxc4 11. e5 Bxf3 12. Qxf3 Nd5 13. Be3 Nc6 14. Nxd5 exd5
15. Nf5 Qe4 16. Qxe4 dxe4 17. Rac1 Nb4 18. exd6 g6 19. Ne7 Bxe7 20. dxe7 Nd5 21.
Bd4 Rg8 22. f5 Nxe7 23. f6 Nd5 24. Rfe1 Kd7 25. Rcd1 Rge8 26. Bxb6 Kc6 27. Bd4
Re6 28. Rc1+ Kb7 29. Rc5 Rd8 30. Rec1 e3 31. Re1 Nxf6 32. Bc3 Ne4 33. Rc4 Nxc3
34. Rxc3 Rde8 35. Re2 f5 36. g3 g5 37. Kg2 f4 38. gxf4 gxf4 39. Kf3 Rf8 40. Rc4
Ref6 41. Rec2 R8f7 42. h4 Re6 1/2-1/2

[Event "29th Czech Rapid G1 2018"]
[Site "Pardubice CZE"]
[Date "2018.07.19"]
[Round "9.31"]
[White "Tsvetkov, Andrey"]
[Black "Becker, Dirk"]
[Result "1/2-1/2"]
[WhiteTitle "CM"]
[WhiteElo "2259"]
[BlackElo "2265"]
[WhiteFideId "34139360"]
[BlackFideId "12938564"]
[EventDate "2018.07.18"]

1. d4 Nf6 2. c4 e6 3. Nc3 Bb4 4. e3 O-O 5. Bd3 d5 6. cxd5 exd5 7. Ne2 c6 8. O-O
Re8 9. Bd2 Nbd7 10. Rc1 Bd6 11. Ng3 Nf8 12. Qc2 Bd7 13. Nf5 Bb8 14. b4 a6 15. a4
g6 16. Ng3 Bd6 17. b5 cxb5 18. axb5 a5 19. e4 dxe4 20. Ngxe4 Nxe4 21. Nxe4 Be7
22. d5 Bf5 23. d6 Bxe4 24. Bxe4 Bxd6 25. Bxb7 Rb8 26. Bc6 Re2 27. Rcd1 Bb4 28.
Bxb4 Rxc2 29. Rxd8 Rxd8 30. Bxa5 Rc8 31. Rd1 Ne6 32. g3 h5 33. h4 Rc5 34. Bb6
Rc2 35. Ba5 Rc5 36. Bb6 R8xc6 37. bxc6 Rxc6 38. Be3 Kg7 39. Kg2 Kf6 40. Rb1 Ra6
41. Rb6 Rxb6 42. Bxb6 Kf5 43. f3 Ke5 44. Kf2 f5 45. Ba7 Nf8 46. Ke3 Ne6 47. Bb8+
Kf6 48. Bd6 g5 49. hxg5+ Kxg5 50. Be7+ Kg6 51. Kf2 Kf7 52. Bb4 Kg6 53. Be7 Kf7
54. Bb4 Kg6 55. Be7 Kf7 1/2-1/2

[Event "29th Czech Rapid G1 2018"]
[Site "Pardubice CZE"]
[Date "2018.07.19"]
[Round "9.32"]
[White "Kolasa, Pjotrs"]
[Black "Potapov, Alexander1"]
[Result "0-1"]
[BlackTitle "GM"]
[WhiteElo "2021"]
[BlackElo "2404"]
[WhiteFideId "11604255"]
[BlackFideId "4115074"]
[EventDate "2018.07.18"]

1. Nf3 f5 2. c4 Nf6 3. Nc3 g6 4. g3 Bg7 5. Bg2 d6 6. O-O O-O 7. d3 e5 8. Rb1 a5
9. a3 Nc6 10. b4 axb4 11. axb4 h6 12. b5 Ne7 13. Ne1 Rb8 14. Nc2 g5 15. Nb4 Be6
16. Nbd5 f4 17. Bb2 Nf5 18. Nxf6+ Bxf6 19. Nd5 Bg7 20. Bc3 Kh8 21. Ba5 b6 22.
Bc3 Qd7 23. Ra1 Ne7 24. Nxe7 Qxe7 25. Ra7 Rf7 26. Qa1 Bg4 27. Qa2 Rbf8 28. Bd5
Bh3 29. Bxf7 Qxf7 30. Qa1 f3 31. e4 Bxf1 32. Qxf1 Qd7 33. Bd2 Rc8 34. Be3 Qe6
35. Qd1 Qg4 36. h3 Qh5 37. Kh2 g4 38. h4 Bf6 39. Qh1 Kg8 40. Kg1 Kf8 41. Qh2 Be7
42. Kh1 Ke8 43. Qg1 Kf7 44. Qh2 Ke6 45. Qg1 Bd8 46. Qh2 Bf6 47. Qg1 Bg5 48. Bxg5
hxg5 49. Qh2 Rh8 50. Kg1 Qh6 51. Ra3 gxh4 52. Ra1 h3 53. Kh1 Qd2 54. Qg1 Qxd3
55. Qe1 Qe2 56. Qxe2 fxe2 57. Re1 Ra8 58. Rxe2 Ra1+ 59. Kh2 Rc1 60. f3 gxf3 61.
Rf2 Rxc4 62. Rxf3 Rxe4 63. Rc3 Rb4 64. Rxc7 Rxb5 65. Kxh3 e4 66. g4 d5 67. Kg3
Rb3+ 68. Kf4 Rf3+ 69. Kg5 Kd6 70. Rc8 e3 71. Kh5 Rh3+ 72. Kg6 d4 73. Re8 Kc5 74.
g5 d3 75. Kf5 d2 0-1

[Event "29th Czech Rapid G1 2018"]
[Site "Pardubice CZE"]
[Date "2018.07.19"]
[Round "9.33"]
[White "Krouzel, Jaroslav"]
[Black "Hasangatin, Ramil"]
[Result "0-1"]
[WhiteTitle "FM"]
[BlackTitle "GM"]
[WhiteElo "2079"]
[BlackElo "2497"]
[WhiteFideId "301566"]
[BlackFideId "4122160"]
[EventDate "2018.07.18"]

1. d4 Nf6 2. c4 Nc6 3. Nf3 e6 4. Nc3 Bb4 5. e3 Bxc3+ 6. bxc3 d6 7. g3 b6 8. Bg2
Bb7 9. O-O Na5 10. Nd2 Bxg2 11. Kxg2 c5 12. e4 Qc7 13. d5 O-O 14. Qe2 Rfe8 15.
Qd3 Qd7 16. Nb3 exd5 17. exd5 Nb7 18. Bf4 Qa4 19. h3 Nd7 20. Nd2 Nf8 21. h4 Ng6
22. h5 Nxf4+ 23. gxf4 h6 24. Ne4 Qd7 25. Ng3 Qg4 26. Qf3 Qxf3+ 27. Kxf3 Na5 28.
Nf5 Nxc4 29. Rg1 Nd2+ 30. Kg2 Re4 31. Rad1 Rxf4 32. Nxd6 Rd8 33. Nb7 Rxd5 0-1

[Event "29th Czech Rapid G1 2018"]
[Site "Pardubice CZE"]
[Date "2018.07.19"]
[Round "9.34"]
[White "Gutman, Gennadi"]
[Black "Slovak, Kilian"]
[Result "1-0"]
[WhiteTitle "GM"]
[WhiteElo "2476"]
[BlackElo "2285"]
[WhiteFideId "14102277"]
[BlackFideId "365440"]
[EventDate "2018.07.18"]

1. d4 Nf6 2. Nf3 g6 3. c4 Bg7 4. Nc3 d6 5. e4 O-O 6. Be2 e5 7. d5 a5 8. Bg5 h6
9. Bh4 Qe8 10. Nd2 Na6 11. a3 Bd7 12. b3 Nh7 13. O-O h5 14. f3 Bh6 15. Bf2 f5
16. Rb1 Qe7 17. Qc2 Nf6 18. b4 axb4 19. axb4 b6 20. exf5 gxf5 21. Bd3 e4 22.
fxe4 f4 23. Nf3 Ng4 24. Nd1 Ne5 25. Be2 Kh7 26. Nxe5 dxe5 27. Qc3 Qg5 28. Kh1
Bg4 29. Bf3 Rg8 30. Rg1 Rg6 31. Ra1 c5 32. dxc6 1-0

[Event "29th Czech Rapid G1 2018"]
[Site "Pardubice CZE"]
[Date "2018.07.19"]
[Round "9.35"]
[White "Maltsevskaya, Aleksandra"]
[Black "Kukelko, Alexey"]
[Result "0-1"]
[WhiteElo "2261"]
[BlackElo "2196"]
[WhiteFideId "24174041"]
[BlackFideId "14153084"]
[EventDate "2018.07.18"]

1. c4 e6 2. Nf3 Nf6 3. g3 d5 4. Bg2 dxc4 5. Qa4+ Nbd7 6. Qxc4 a6 7. Qb3 c5 8.
O-O Bd6 9. a4 Qc7 10. d3 b6 11. Nbd2 Bb7 12. Nc4 O-O 13. Nxd6 Qxd6 14. Bf4 Qe7
15. Rfc1 e5 16. Nxe5 Bxg2 17. Nxd7 Nxd7 18. Kxg2 Qxe2 19. Re1 Qh5 20. Re7 Nf6
21. Re5 Qg4 22. Qxb6 Nd7 23. Qd6 Nxe5 24. Qxe5 Rfd8 25. Qxc5 Rxd3 26. Re1 Qf3+
27. Kg1 Rd1 28. Rxd1 Qxd1+ 29. Kg2 Qxa4 30. h4 h6 31. Be3 Qe4+ 32. Kh2 Rd8 33.
Qc1 Qf3 34. Qh1 Qg4 35. f3 Qb4 36. Qc1 Rb8 37. Kh3 Qxb2 38. Qc4 Qb5 39. Qc2 a5
40. g4 a4 41. g5 hxg5 42. hxg5 Qb3 43. Qc5 Re8 44. Bf4 Qxf3+ 45. Bg3 Qf1+ 46.
Kh4 Re4+ 0-1

[Event "29th Czech Rapid G1 2018"]
[Site "Pardubice CZE"]
[Date "2018.07.19"]
[Round "9.36"]
[White "Lushnikov, Evgeny"]
[Black "Holy, Filip"]
[Result "1-0"]
[WhiteElo "2136"]
[BlackElo "2057"]
[WhiteFideId "24146269"]
[BlackFideId "358762"]
[EventDate "2018.07.18"]

1. e4 c6 2. Nf3 d5 3. Nc3 dxe4 4. Nxe4 Nf6 5. Qe2 Nxe4 6. Qxe4 Qd5 7. Qh4 Bf5 8.
Bc4 Qd8 9. Ne5 Bg6 10. Nxg6 fxg6 11. Qf4 Qd6 12. Qf7+ Kd8 13. d4 Qf6 14. Bf4
Qxf7 15. Bxf7 Nd7 16. O-O-O a5 17. d5 c5 18. Rhe1 Ra6 19. d6 exd6 20. Re8+ Kc7
21. Bc4 Nf6 22. Rxf8 Rxf8 23. Bxa6 1-0

[Event "29th Czech Rapid G1 2018"]
[Site "Pardubice CZE"]
[Date "2018.07.19"]
[Round "9.37"]
[White "Bente, Bjoern"]
[Black "Sinauridze, Simons"]
[Result "1/2-1/2"]
[WhiteTitle "FM"]
[WhiteElo "2219"]
[BlackElo "2088"]
[WhiteFideId "4638611"]
[BlackFideId "11604468"]
[EventDate "2018.07.18"]

1. e4 c5 2. Nf3 d6 3. d4 cxd4 4. Nxd4 Nf6 5. Nc3 g6 6. Be3 Bg7 7. f3 O-O 8. Qd2
Nc6 9. O-O-O d5 10. Qe1 e5 11. Nxc6 bxc6 12. Bc5 Be6 13. exd5 Nxd5 14. Ne4 Qc7
15. Kb1 Rfe8 16. Nd6 Red8 17. Nc4 Rab8 18. Be2 e4 19. Bd4 Bxd4 20. Rxd4 exf3 21.
Bxf3 Nb6 22. Rxd8+ Qxd8 23. Nxb6 Qxb6 24. Qc3 c5 25. Rd1 Qc7 26. g3 a5 27. Qd2
Qe5 28. b3 a4 29. Qa5 axb3 30. Rd8+ Kg7 31. axb3 Rb4 32. Qa1 Kf6 33. Qxe5+ Kxe5
34. Kb2 c4 35. Kc3 cxb3 36. Rd1 Rc4+ 37. Kxb3 Rf4+ 38. Bd5 Rf3+ 39. Kc4 Rf2 40.
Re1+ Kd6 41. Bxe6 fxe6 42. c3 Rxh2 43. Rd1+ Kc6 44. Kd4 Rg2 45. Rd3 1/2-1/2

[Event "29th Czech Rapid G1 2018"]
[Site "Pardubice CZE"]
[Date "2018.07.19"]
[Round "9.38"]
[White "Michelle Catherina, P"]
[Black "Balint, Vilmos"]
[Result "1-0"]
[WhiteTitle "WIM"]
[WhiteElo "2069"]
[BlackElo "2220"]
[WhiteFideId "5005736"]
[BlackFideId "718050"]
[EventDate "2018.07.18"]

1. d4 e6 2. Bf4 f5 3. g3 Nf6 4. Bg2 Be7 5. c4 O-O 6. Nc3 d6 7. Nf3 Nbd7 8. b4 a5
9. a3 Nb6 10. c5 Nbd5 11. Nxd5 Nxd5 12. Bd2 Bf6 13. O-O e5 14. dxe5 dxe5 15. Bg5
Be6 16. Qd2 h6 17. Bxf6 Qxf6 18. Qb2 e4 19. Nd4 Rfd8 20. e3 Bf7 21. Rfd1 axb4
22. axb4 c6 23. Rxa8 Rxa8 24. b5 Ra5 25. bxc6 bxc6 26. Qb8+ Kh7 27. Qd6 Ne7 28.
g4 Bd5 29. gxf5 Ng8 30. Kh1 Ra2 31. Qg3 Ne7 32. Qf4 Rb2 33. Rg1 Kh8 34. Bxe4
Bxe4+ 35. Qxe4 Rxf2 36. Rb1 Nxf5 37. Rb8+ Kh7 38. Rc8 Rf1+ 39. Kg2 Qg6+ 40. Kh3
Qh5+ 41. Kg2 Qg6+ 42. Kh3 Qh5+ 43. Kg2 Qg6+ 44. Kh3 Qh5+ 45. Kg2 Qg6+ 46. Kh3
Rf2 47. Nf3 Qh5+ 48. Nh4 Rf3+ 49. Qxf3 Qxh4+ 50. Kg2 Qf6 51. Kf2 Qb2+ 52. Qe2
Qf6 53. Kg1 Qg5+ 54. Kh1 Nxe3 55. Rf8 Qd5+ 56. Qf3 Qxc5 57. Qe4+ g6 58. Rf7+ 1-0

[Event "29th Czech Rapid G1 2018"]
[Site "Pardubice CZE"]
[Date "2018.07.19"]
[Round "9.39"]
[White "Rakshitta, Ravi"]
[Black "Gabr, Mohsen"]
[Result "0-1"]
[BlackTitle "FM"]
[WhiteElo "2026"]
[BlackElo "2287"]
[WhiteFideId "25073230"]
[BlackFideId "10619593"]
[EventDate "2018.07.18"]

1. e4 d6 2. d4 Nf6 3. Nc3 g6 4. Bg5 h6 5. Be3 Ng4 6. Bf4 Bg7 7. h3 Nf6 8. Qd2 g5
9. Be3 Nbd7 10. O-O-O a6 11. e5 Nh7 12. exd6 cxd6 13. h4 b5 14. hxg5 hxg5 15.
Bxg5 Nxg5 16. Rxh8+ Bxh8 17. Qxg5 e6 18. Qg8+ Ke7 19. Qg3 Bb7 20. Bd3 Qg8 21.
Qxg8 Rxg8 22. Bf1 Bxg2 23. Nge2 Bf3 24. Rd3 Bb7 25. Ng3 Bf6 26. Kd1 Bh4 27. Re3
Kd8 28. d5 Bxg3 29. Rxg3 Rxg3 30. fxg3 Bxd5 31. Nxd5 exd5 32. Kd2 Ke7 33. Kc3
Ke6 34. Kd4 Ne5 35. a4 Nc6+ 36. Ke3 bxa4 37. Bxa6 Nb4 38. Bc8+ Ke5 39. c3 a3 40.
bxa3 Nc2+ 41. Kd3 Nxa3 42. Ba6 f5 43. Bc8 Nc4 44. Ba6 Nb6 45. Bb5 Nc8 46. Bd7
Ne7 47. Bb5 Ng8 48. Bd7 Nf6 49. Bc8 Ne4 50. g4 fxg4 51. c4 dxc4+ 52. Kxc4 g3 53.
Bh3 d5+ 54. Kb3 Nf2 55. Bg2 Ng4 56. Kc3 Ne3 57. Bf3 g2 58. Bxg2 Nxg2 0-1

[Event "29th Czech Rapid G1 2018"]
[Site "Pardubice CZE"]
[Date "2018.07.19"]
[Round "9.40"]
[White "Priyanka, Nutakki"]
[Black "Buchcar, Tomas"]
[Result "1-0"]
[WhiteElo "2180"]
[BlackElo "2133"]
[WhiteFideId "25049615"]
[BlackFideId "328421"]
[EventDate "2018.07.18"]

1. e4 c5 2. Nf3 e6 3. d4 cxd4 4. Nxd4 a6 5. Bd3 Nc6 6. Nxc6 bxc6 7. O-O d5 8.
Nd2 Nf6 9. Qe2 Be7 10. c4 Bb7 11. b3 O-O 12. Bb2 Re8 13. Rad1 Qa5 14. a3 Rad8
15. b4 Qc7 16. e5 Nd7 17. cxd5 cxd5 18. Rc1 Qb8 19. f4 g6 20. Nb3 Nb6 21. Na5
Nc4 22. Bxc4 dxc4 23. Nxb7 Qxb7 24. Rxc4 Rd5 25. Rd4 Qa7 26. Qf2 Red8 27. Rxd5
Qxf2+ 28. Kxf2 Rxd5 29. Ke2 a5 30. Bc3 axb4 31. axb4 Kf8 32. Ra1 Bd8 33. Rd1
Rxd1 34. Kxd1 Bb6 35. Ke2 Ke7 36. Kd3 Kd7 37. Bd4 Bd8 38. Kc4 Kc6 39. b5+ Kb7
40. Kd3 Ba5 41. Ke4 h5 42. Bc5 Bd2 43. h3 Ba5 44. Kf3 Bd2 45. g4 hxg4+ 46. Kxg4
Kc7 47. Kf3 Kb7 48. Bd4 Kc7 49. Bf2 Kb7 50. Be3 Bb4 51. Kg4 Be7 52. h4 Kc7 53.
h5 gxh5+ 54. Kxh5 Kd7 55. Kh6 f6 56. Kg6 fxe5 57. fxe5 Bd8 58. Kf7 Bc7 59. Bd4
Bb8 60. b6 Bxe5 61. Bxe5 Kc6 62. Bd4 e5 63. Be3 1-0

[Event "29th Czech Rapid G1 2018"]
[Site "Pardubice CZE"]
[Date "2018.07.19"]
[Round "9.41"]
[White "Roessler, Ulrike"]
[Black "Tarun, V Kanth"]
[Result "1-0"]
[WhiteTitle "WIM"]
[WhiteElo "2137"]
[BlackElo "2086"]
[WhiteFideId "4622650"]
[BlackFideId "25012185"]
[EventDate "2018.07.18"]

1. e4 e6 2. d4 d5 3. Nc3 Bb4 4. e5 c5 5. a3 Bxc3+ 6. bxc3 Qc7 7. Qg4 f5 8. Qg3
cxd4 9. cxd4 Ne7 10. Bd2 O-O 11. Bd3 b6 12. Ne2 Ba6 13. Nf4 Qd7 14. Bb4 Rf7 15.
O-O Bxd3 16. Qxd3 Nbc6 17. Bc3 Rc8 18. Rac1 Nd8 19. Bb4 Rc4 20. Rfd1 Ndc6 21.
Qe3 Nxb4 22. axb4 Rxb4 23. c4 Rf8 24. cxd5 Nxd5 25. Nxd5 Qxd5 26. Rc7 f4 27. Qd2
a5 28. h3 Qd8 29. Qc3 Qd5 30. Rc6 Rb3 31. Qc1 f3 32. g3 Rb1 33. Qxb1 Qxc6 34.
Rc1 Qb7 35. Qb3 Kf7 36. Rc3 Re8 37. Rxf3+ Kg8 38. Rc3 Qe4 39. Qa4 Rf8 40. Rc2 b5
41. Qb3 Kh8 42. Ra2 b4 43. Qxe6 Qb1+ 44. Kh2 b3 45. Re2 Qd3 46. Qg4 Qf3 47. Qxf3
Rxf3 48. e6 Rf8 49. e7 Re8 50. d5 Kg8 51. d6 b2 52. Rxb2 Kf7 53. d7 Kxe7 54.
dxe8=Q+ Kxe8 55. Ra2 1-0

[Event "29th Czech Rapid G1 2018"]
[Site "Pardubice CZE"]
[Date "2018.07.19"]
[Round "9.42"]
[White "Zlatin, Alexander"]
[Black "Ludvik, Tomas"]
[Result "1-0"]
[WhiteElo "2200"]
[BlackElo "2048"]
[WhiteFideId "2810549"]
[BlackFideId "367664"]
[EventDate "2018.07.18"]

1. e4 c5 2. c3 g6 3. d4 cxd4 4. cxd4 d5 5. e5 Nc6 6. Nc3 Bg7 7. h3 e6 8. Nf3
Nge7 9. Bd3 Nf5 10. Bxf5 gxf5 11. O-O h6 12. Ne2 Qb6 13. b3 Bd7 14. Nc3 Ne7 15.
Ba3 Qa5 16. Bxe7 Kxe7 17. Ne2 Bb5 18. Re1 Bxe2 19. Rxe2 Rac8 20. Rc1 Kd7 21.
Rec2 b6 22. Ne1 Qa6 23. Qh5 Ke7 24. Qh4+ f6 25. Rc7+ Rxc7 26. Rxc7+ 1-0

[Event "29th Czech Rapid G1 2018"]
[Site "Pardubice CZE"]
[Date "2018.07.19"]
[Round "9.43"]
[White "Dimitrov, Dejan"]
[Black "Pulpan, Jakub"]
[Result "0-1"]
[BlackTitle "IM"]
[WhiteElo "2096"]
[BlackElo "2386"]
[WhiteFideId "2911000"]
[BlackFideId "302759"]
[EventDate "2018.07.18"]

1. d4 Nf6 2. Bf4 c6 3. e3 d5 4. c4 Qb6 5. Qb3 g6 6. Nc3 e6 7. c5 Qd8 8. Nf3 Nh5
9. Bg5 Be7 10. Bxe7 Qxe7 11. e4 Nd7 12. e5 b6 13. cxb6 axb6 14. g3 O-O 15. Be2
c5 16. Nb5 Ba6 17. a4 Ng7 18. Qa3 Qd8 19. O-O Nf5 20. Bd3 Bxb5 21. Bxb5 Nxd4 22.
Nxd4 cxd4 23. Qd6 Nc5 24. b4 Qxd6 25. exd6 Ne4 26. d7 Rfd8 27. a5 bxa5 28. bxa5
Nc3 29. Bc6 Ra7 30. a6 d3 31. Ra3 d4 32. Bf3 Rdxd7 33. Rfa1 e5 34. Rb3 e4 35.
Rb8+ Kg7 36. Bd1 e3 0-1

[Event "29th Czech Rapid G1 2018"]
[Site "Pardubice CZE"]
[Date "2018.07.19"]
[Round "9.44"]
[White "Gorbatenko, Alexander"]
[Black "Piscopo, Pierluigi"]
[Result "0-1"]
[BlackTitle "IM"]
[WhiteElo "2049"]
[BlackElo "2389"]
[WhiteFideId "4145976"]
[BlackFideId "809152"]
[EventDate "2018.07.18"]

1. d4 Nf6 2. c4 e6 3. Nc3 Bb4 4. e3 O-O 5. Bd3 b6 6. Bd2 Bb7 7. Nf3 c5 8. a3 Ba5
9. O-O Qe7 10. Re1 Nc6 11. Rc1 d6 12. Bb1 Rac8 13. Qc2 Nb8 14. b3 Nbd7 15. e4
cxd4 16. Nxd4 Bxc3 17. Bxc3 Rfd8 18. f3 a6 19. Qb2 Ne5 20. Rcd1 Nh5 21. Bd2 h6
22. Be3 Rb8 23. Qf2 Ba8 24. a4 Qf6 25. Qd2 Ng6 26. Ne2 b5 27. cxb5 axb5 28. a5
e5 29. b4 d5 30. exd5 Bxd5 31. Bxg6 Qxg6 32. Qd3 e4 33. fxe4 Bxe4 34. Qxd8+ Rxd8
35. Rxd8+ Kh7 36. g3 Qg4 37. Rd4 Qf3 38. Rxe4 Qxe4 39. Nd4 Nf6 40. a6 Ng4 41.
Bf2 Qd5 42. Nc2 Qd2 43. Rf1 Qxc2 44. a7 Qa2 45. Bc5 Qxh2# 0-1

[Event "29th Czech Rapid G1 2018"]
[Site "Pardubice CZE"]
[Date "2018.07.19"]
[Round "9.45"]
[White "Chekletsov, Egor"]
[Black "Illetsko, Jaroslav"]
[Result "1/2-1/2"]
[WhiteElo "2123"]
[BlackElo "2177"]
[WhiteFideId "24175315"]
[BlackFideId "301795"]
[EventDate "2018.07.18"]

1. d4 Nf6 2. c4 g6 3. Nc3 Bg7 4. e4 d6 5. f3 O-O 6. Be3 c5 7. Nge2 Nc6 8. Qd2 b6
9. Rc1 Bb7 10. b3 Rc8 11. g3 Nd7 12. Bg2 e5 13. d5 Nd4 14. O-O f5 15. f4 Qe7 16.
Rce1 a6 17. fxe5 Nxe2+ 18. Rxe2 Nxe5 19. Bg5 Qd7 20. exf5 gxf5 21. Bh3 Rce8 22.
Qc2 Bc8 23. Ref2 Ng4 24. Bxg4 fxg4 25. Rxf8+ Rxf8 26. Rxf8+ Kxf8 27. Ne4 Qf5 28.
Qf2 Bd4 29. Be3 Be5 30. Bf4 Bxf4 31. Qxf4 Qxf4 32. gxf4 Ke7 33. Kf2 Bf5 34. Nc3
Kf6 35. Kg3 Kg6 36. Kh4 h5 37. Ne2 Bb1 38. Nc3 Bf5 1/2-1/2

[Event "29th Czech Rapid G1 2018"]
[Site "Pardubice CZE"]
[Date "2018.07.19"]
[Round "9.46"]
[White "Nehyba, Martin"]
[Black "Mojzis, Jaroslav"]
[Result "1-0"]
[BlackTitle "FM"]
[WhiteElo "2163"]
[BlackElo "2099"]
[WhiteFideId "377074"]
[BlackFideId "302325"]
[EventDate "2018.07.18"]

1. e4 e5 2. Nf3 Nc6 3. Bc4 Bc5 4. O-O Nf6 5. d3 d6 6. Bg5 h6 7. Bh4 Qe7 8. Nc3
g5 9. Nxg5 Bg4 10. Nf3 Be6 11. Nd5 Bxd5 12. Bxd5 Rg8 13. c3 Nd8 14. d4 Bb6 15.
dxe5 dxe5 16. Nd2 c6 17. Bb3 Ne6 18. Nc4 Bc7 19. Kh1 Nf4 20. Ne3 Rg6 21. g3 Ne6
22. Nf5 Qf8 23. Bxe6 fxe6 24. Qb3 O-O-O 25. Qxe6+ Kb8 26. Ne7 Qe8 27. Bxf6 Rd6
28. Qc8+ Qxc8 29. Nxc8 Rdxf6 30. Ne7 Rg4 31. f3 Rg7 32. Nf5 Rg8 33. Rad1 h5 34.
Kg2 Rh8 35. Rd3 Rg6 36. Rfd1 h4 37. g4 h3+ 38. Kg3 Re6 39. Rd7 Rf8 40. Rg7 Ree8
41. Rdd7 Rc8 42. Nd6 Rcd8 43. Rxc7 Rxd6 44. Rxb7+ Kc8 45. Rxa7 Kb8 46. Rgb7+ Kc8
47. Ra8+ Kxb7 48. Rxf8 Rd2 49. Kxh3 Rxb2 50. g5 1-0

[Event "29th Czech Rapid G1 2018"]
[Site "Pardubice CZE"]
[Date "2018.07.19"]
[Round "9.47"]
[White "Straka, Vojtech"]
[Black "Kutynec, Vladimir"]
[Result "0-1"]
[BlackTitle "IM"]
[WhiteElo "1977"]
[BlackElo "2273"]
[WhiteFideId "377759"]
[BlackFideId "4119843"]
[EventDate "2018.07.18"]

1. d4 d5 2. c4 Bf5 3. Nc3 e6 4. cxd5 exd5 5. Qb3 Nc6 6. Nf3 Nf6 7. Bg5 Na5 8.
Qa4+ c6 9. g3 Qb6 10. Bg2 Qxb2 11. O-O Qxc3 12. Bd2 Qa3 13. Qxa5 Qxa5 14. Bxa5
h6 15. Rfe1 Bd6 16. Nd2 O-O 17. e4 dxe4 18. Nxe4 Nxe4 19. Bxe4 Bxe4 20. Rxe4
Rfe8 21. Rae1 Rxe4 22. Rxe4 Kf8 23. d5 Re8 24. Rd4 c5 25. Rd2 Re4 26. Kg2 b6 27.
Bc3 Rc4 28. Bb2 b5 29. f4 Ra4 30. Be5 Bxe5 31. fxe5 Re4 32. d6 Ke8 33. Rd5 Rc4
34. d7+ Kd8 35. Kf3 a5 36. Ke3 a4 37. Kd3 a3 38. Rd6 Rc1 39. Rb6 b4 40. Rb7 Rd1+
41. Kc4 Rxd7 42. Rb8+ Ke7 43. Kxc5 Rd2 44. h4 Rxa2 45. Rxb4 Ke6 46. Kd4 Rd2+ 47.
Ke4 Re2+ 48. Kf3 Rb2 49. Ra4 a2 50. Ke4 Rb4+ 0-1

[Event "29th Czech Rapid G1 2018"]
[Site "Pardubice CZE"]
[Date "2018.07.19"]
[Round "9.48"]
[White "Bystrov, Sergej M."]
[Black "Petr, Jan1"]
[Result "1-0"]
[WhiteTitle "IM"]
[WhiteElo "2233"]
[BlackElo "2099"]
[WhiteFideId "4118561"]
[BlackFideId "305154"]
[EventDate "2018.07.18"]

1. e4 e5 2. Nf3 Nf6 3. Nc3 Nc6 4. d4 exd4 5. Nxd4 Bb4 6. Nxc6 bxc6 7. Bd3 d5 8.
exd5 O-O 9. O-O cxd5 10. Bg5 c6 11. h3 h6 12. Bh4 Bd6 13. Qf3 Rb8 14. Rab1 Re8
15. Bg3 Qc7 16. Bxd6 Qxd6 17. Rfd1 Qe5 18. b3 Bd7 19. Ne2 Ne4 20. c4 Be6 21.
Bxe4 dxe4 22. Qc3 Qxc3 23. Nxc3 Bf5 24. Rd6 Rbc8 25. Rbd1 Rc7 26. Ne2 Bg6 27.
Nd4 Rec8 28. Nc2 a5 29. Rd8+ Kh7 30. Rxc8 Rxc8 31. Rd6 e3 32. Nxe3 Bb1 33. Rd2
a4 34. Rb2 Bd3 35. b4 f5 36. Rd2 Bb1 37. a3 Re8 38. g3 f4 39. gxf4 Re4 40. Rd6
Rxf4 41. Rxc6 Rd4 42. Ra6 1-0

[Event "29th Czech Rapid G1 2018"]
[Site "Pardubice CZE"]
[Date "2018.07.19"]
[Round "9.49"]
[White "Zdrazil, Tomas"]
[Black "Kyrychenko, Maryan"]
[Result "0-1"]
[BlackTitle "FM"]
[WhiteElo "2065"]
[BlackElo "2152"]
[WhiteFideId "325368"]
[BlackFideId "14137178"]
[EventDate "2018.07.18"]

1. e4 c5 2. Nf3 d6 3. d4 cxd4 4. Nxd4 Nf6 5. Nc3 g6 6. Be3 Bg7 7. f3 O-O 8. Qd2
Nc6 9. Bc4 Bd7 10. O-O-O Rb8 11. h4 b5 12. Bb3 Na5 13. Bg5 Nxb3+ 14. cxb3 Qa5
15. Kb1 b4 16. Nd5 Nxd5 17. exd5 f6 18. Bh6 Qxd5 19. h5 g5 20. Bxg7 Kxg7 21. g4
e5 22. h6+ Kg8 23. Nf5 Bxf5+ 24. gxf5 Qxd2 25. Rxd2 Rfd8 26. Rhd1 Rb6 27. Rd5
Kf7 28. Rc1 Rb7 29. Rc6 Ke7 30. Kc2 Rdd7 31. Kd3 Rbc7 32. Rxc7 Rxc7 33. Rb5 d5
34. Rxb4 Kd6 35. Rb8 Re7 36. Rd8+ Rd7 37. Rf8 Ke7 38. Rh8 Kd6 39. Rf8 e4+ 40.
fxe4 Ke5 41. Re8+ Kf4 42. exd5 Rxd5+ 43. Kc4 Rxf5 44. Re7 g4 45. Rxh7 Rh5 46.
Kd3 Kf3 47. Rxa7 Rxh6 48. Re7 g3 49. Re3+ Kf2 50. Re2+ Kf1 51. b4 g2 52. Kd2
g1=Q 53. Re1+ Kg2 54. Rxg1+ Kxg1 55. a4 f5 56. Ke3 Rh3+ 57. Kf4 Rh4+ 0-1

[Event "29th Czech Rapid G1 2018"]
[Site "Pardubice CZE"]
[Date "2018.07.19"]
[Round "9.50"]
[White "Jun, Rudolf Jr."]
[Black "Mitra, Roman C"]
[Result "0-1"]
[WhiteElo "1931"]
[BlackElo "2104"]
[WhiteFideId "376612"]
[BlackFideId "419540"]
[EventDate "2018.07.18"]

1. e4 c5 2. c4 a6 3. Ne2 Nc6 4. d4 cxd4 5. Nxd4 e5 6. Ne2 Bc5 7. Nbc3 Qb6 8. Be3
Bxe3 9. fxe3 Nf6 10. Qd2 O-O 11. Nd5 Qd8 12. Ng3 d6 13. Bd3 Nxd5 14. exd5 Ne7
15. O-O f5 16. Rf2 e4 17. Be2 Qb6 18. Kh1 Bd7 19. Raf1 a5 20. Bd1 a4 21. Ne2 Ng6
22. Nd4 Ne5 23. Be2 g6 24. b3 axb3 25. axb3 Rfc8 26. Qb2 Qd8 27. Rc1 Qg5 28. Rf4
Ra7 29. Qc3 b5 30. Rff1 bxc4 31. bxc4 Rca8 32. Rb1 Ra2 33. Rfc1 Nd3 34. Rc2 Qxe3 0-1

[Event "29th Czech Rapid G1 2018"]
[Site "Pardubice CZE"]
[Date "2018.07.19"]
[Round "9.51"]
[White "Rosko, Lubos"]
[Black "Maslak, Alexander"]
[Result "1/2-1/2"]
[WhiteTitle "FM"]
[WhiteElo "2279"]
[BlackElo "2154"]
[WhiteFideId "321192"]
[BlackFideId "4130871"]
[EventDate "2018.07.18"]

1. e4 c5 2. Nf3 Nc6 3. Bb5 g6 4. Bxc6 dxc6 5. h3 Bg7 6. d3 e5 7. Nbd2 f6 8. Nc4
Be6 9. Be3 b6 10. Qd2 Bxc4 11. dxc4 Qxd2+ 12. Kxd2 Bh6 13. a4 a5 14. Ra3 O-O-O+
15. Ke2 Bxe3 16. Rxe3 Nh6 17. g4 Nf7 18. h4 Rd6 19. g5 Rhd8 20. gxf6 Rxf6 21.
Ng5 Nd6 22. b3 h6 23. Nh3 Ne8 24. Rg1 Ng7 25. Reg3 Rdd6 26. Ke3 Nh5 27. Rg4 Kd7
28. f4 Nxf4 29. Nxf4 Rxf4 30. Rxf4 exf4+ 31. Kxf4 Rf6+ 32. Ke3 Ke6 33. Rd1 Rf8
34. Rg1 Rf6 35. Rd1 Rf8 36. Rg1 1/2-1/2